01712nam a22003494a 4500001001200000003000800012006001900020007001500039008004100054010001700095020002200112040002100134035002000155050002600175082002100201110011500222245019500337260005800532300002300590500017700613504005200790533015200842650004500994650005201039650004001091655002901131700002201160700002001182710001701202856012601219999001701345ebr10051685CaPaEBRm u cr cn|||||||||030327s2003 dcua sb 000 0 eng  z 2003007413 z0309088976 (pbk.) aCaPaEBRcCaPaEBR a(OCoLC)6146063914aLC213.2b.N396 2003eb04a379.2/6/09732212 aNational Research Council (U.S.).bCommittee on Improving Measures of Access to Equal Educational Opportunity.10aMeasuring access to learning opportunitiesh[electronic resource] /cCommittee on Improving Measures of Access to Equal Educational Opportunity ; Willis D. Hawley and Timothy Ready, editors. aWashington, D.C. :bNational Academies Press,cc2003. axi, 131 p. :bill. a"Center for Education and Committee on National Statistics, Division of Behavioral and Social Sciences and Education, National Research Council of the National Academies." aIncludes bibliographical references (p. 70-75). aElectronic reproduction.bPalo Alto, Calif. :cebrary,d2013.nAvailable via World Wide Web.nAccess may be limited to ebrary affiliated libraries. 0aEducational equalizationzUnited States. 0aMinority studentsxCivil rightszUnited States. 0aEducational surveyszUnited States. 7aElectronic books.2local1 aHawley, Willis D.1 aReady, Timothy.2 aebrary, Inc.40uhttp://site.ebrary.com/lib/rucke/Doc?id=10051685zAn electronic book accessible through the World Wide Web; click to view c67124d67124